[Event "13th Asia-ch"]
[Site "Al-Ain UAE"]
[Date "2015.08.09"]
[Round "8"]
[White "Lou Yiping"]
[Black "Sandipan, Chanda"]
[Result "0-1"]
[WhiteElo "2454"]
[BlackElo "2585"]
[EventDate "2015.08.02"]
[PlyCount "88"]

1.d4 f5 2.Nf3 Nf6 3.g3 e6 4.Bg2 d5 5.b3 Bd6 6.O-O Qe7 7.c4 c6 8.Bb2 b6 9.
Ne5 Bb7 10.Nd2 O-O 11.Rc1 a5 12.Qc2 Na6 13.Ndf3 Ne4 14.Nd3 c5 15.Rfd1 a4 
16.e3 Nb4 17.Qb1 Nxd3 18.Qxd3 axb3 19.axb3 Ra2 20.Qb1 Rfa8 21.Rc2 Bc6 22.
dxc5 bxc5 23.Nd2 R2a6 24.Nxe4 dxe4 25.Rcd2 Bc7 26.Bc3 Rb8 27.Rb2 Ra3 28.
Bf1 h5 29.Qc2 h4 30.Rdb1 Qg5 31.Bg2 Rd8 32.Be1 Qh5 33.Ra2 Rxa2 34.Qxa2 h3 
35.Bf1 f4 36.Qe2 Qf5 37.Rd1 Rb8 38.exf4 Bxf4 39.Qc2 Be5 40.Bc3 Qf3 41.Bxe5
e3 42.Rd5 exd5 43.Bxh3 d4 44.Be6+ Kh8 0-1

[Event "13th Asia-ch"]
[Site "Al-Ain UAE"]
[Date "2015.08.09"]
[Round "8"]
[White "Lalith Babu, Musunuri Rohit"]
[Black "Al-Rakib, Abdullah"]
[Result "1-0"]
[WhiteElo "2570"]
[BlackElo "2473"]
[EventDate "2015.08.02"]
[PlyCount "39"]

1.d4 Nf6 2.Nf3 e6 3.c4 b6 4.g3 c6 5.Bf4 Be7 6.Nc3 d5 7.Bg2 O-O 8.O-O Bb7 
9.Rc1 dxc4 10.Ne5 Nd5 11.Nxc4 Nxf4 12.gxf4 Na6 13.Ne5 Nb4 14.e3 Rc8 15.Qa4
f6 16.Nf3 c5 17.dxc5 Bxc5 18.Rfd1 Qe8 19.a3 Qg6 20.Nh4 1-0

[Event "13th Asia-ch"]
[Site "Al-Ain UAE"]
[Date "2015.08.09"]
[Round "8"]
[White "Tabatabaei, Mohammadamin"]
[Black "Gao Rui"]
[Result "1-0"]
[WhiteElo "2458"]
[BlackElo "2528"]
[EventDate "2015.08.02"]
[PlyCount "113"]

1.e4 c5 2.Nf3 d6 3.d4 cxd4 4.Nxd4 Nf6 5.Nc3 Nc6 6.Bg5 e6 7.Qd2 a6 8.O-O-O 
Be7 9.Bxf6 gxf6 10.f4 Nxd4 11.Qxd4 b5 12.e5 d5 13.f5 O-O 14.fxe6 fxe6 15.
Bd3 fxe5 16.Qxe5 Bg5+ 17.Kb1 Qf6 18.Qe2 Qg7 19.Qh5 b4 20.h4 Bf6 21.Nxd5 
exd5 22.Qxd5+ Kh8 23.Qxa8 Bg4 24.Qe4 Bxd1 25.Rxd1 Bxb2 26.Rf1 Rd8 27.Qxh7+
Qxh7 28.Bxh7 Bc3 29.Bd3 Rg8 30.Rf2 a5 31.Bf5 Rg3 32.h5 Kg7 33.a3 Re3 34.
Rf1 Rg3 35.Rf2 Re3 36.Rf1 Rg3 37.Be4 Re3 38.Bd5 Re5 39.Bf3 bxa3 40.Ka2 Bb2
41.c4 Re3 42.c5 Rc3 43.c6 Rc2 44.Kb1 Rc5 45.Rh1 Kh6 46.Rd1 a4 47.Rd6+ Kg7 
48.h6+ Kf7 49.Rd1 Kg6 50.Rh1 Rc4 51.h7 Bh8 52.Ka2 Rc3 53.Rh4 Rc1 54.Kxa3 
Ra1+ 55.Kb4 a3 56.Rc4 a2 57.Kb3 1-0

[Event "13th Asia-ch"]
[Site "Al-Ain UAE"]
[Date "2015.08.09"]
[Round "8"]
[White "Vakhidov, Jahongir"]
[Black "Xu Yinglun"]
[Result "1/2-1/2"]
[WhiteElo "2525"]
[BlackElo "2463"]
[EventDate "2015.08.02"]
[PlyCount "106"]

1.d4 d5 2.c4 e6 3.Nc3 a6 4.cxd5 exd5 5.Nf3 c6 6.e4 dxe4 7.Ng5 Be7 8.Bc4 
Nh6 9.Ngxe4 Nf5 10.d5 O-O 11.Bf4 cxd5 12.Nxd5 Be6 13.O-O Nc6 14.Re1 Bxd5 
15.Bxd5 Bb4 16.Bg5 Nce7 17.Bxb7 Bxe1 18.Bxa8 Bxf2+ 19.Nxf2 Qxa8 20.Qe2 h6 
21.Bxe7 Re8 22.Qe5 g6 23.Qe4 Qxe4 24.Nxe4 Rxe7 25.Nc3 Rb7 26.Rb1 Nd6 27.
Rd1 Nb5 28.Ne4 Rc7 29.a4 Na7 30.Rd8+ Kg7 31.Ra8 a5 32.h3 Nc6 33.Nd6 Ra7 
34.Rc8 Ne5 35.b3 Ra6 36.Ne8+ Kh7 37.Rc5 Nd3 38.Rc3 Nf4 39.Rf3 g5 40.g3 
Nxh3+ 41.Kg2 f5 42.Rxf5 Kg6 43.Rd5 g4 44.Rd6+ Rxd6 45.Nxd6 Ng5 46.Nc4 Ne4 
47.Nxa5 Nc5 48.Kf2 h5 49.Nc4 Nxb3 50.Ne3 Kf6 51.Ng2 Ke5 52.Nf4 Nd4 53.Nxh5
Nf5 1/2-1/2

[Event "13th Asia-ch"]
[Site "Al-Ain UAE"]
[Date "2015.08.09"]
[Round "8"]
[White "Wang Chen"]
[Black "Saiyn, Zhanat"]
[Result "1-0"]
[WhiteElo "2524"]
[BlackElo "2404"]
[EventDate "2015.08.02"]
[PlyCount "75"]

1.e4 c5 2.Nf3 e6 3.g3 Nc6 4.Bg2 Nf6 5.Qe2 d6 6.O-O Be7 7.d3 O-O 8.Re1 Bd7 
9.c3 Rc8 10.Nbd2 b5 11.Nf1 Ne5 12.Nxe5 dxe5 13.f4 Bd6 14.Kh1 Bb8 15.Be3 
Qe7 16.Nd2 Bc6 17.fxe5 Bxe5 18.Rf1 h6 19.Bg1 Bc7 20.c4 Nd7 21.Rac1 Rfd8 
22.Qh5 Ne5 23.cxb5 Nxd3 24.bxc6 Nxc1 25.Nc4 Nd3 26.e5 Rd5 27.Bxd5 exd5 28.
Qf5 Qe6 29.Nd6 Bxd6 30.exd6 Ne5 31.d7 Ra8 32.Qxe6 fxe6 33.Re1 Nxc6 34.Rxe6
Nd8 35.Re8+ Kf7 36.Bxc5 Rb8 37.Bxa7 Rb7 38.Rxd8 1-0

[Event "13th Asia-ch"]
[Site "Al-Ain UAE"]
[Date "2015.08.09"]
[Round "8"]
[White "Maghsoodloo, Parham"]
[Black "Rahman, Ziaur"]
[Result "1-0"]
[WhiteElo "2416"]
[BlackElo "2509"]
[EventDate "2015.08.02"]
[PlyCount "151"]

1.Nf3 d6 2.g3 g6 3.Bg2 Bg7 4.O-O f5 5.c4 Nf6 6.Nc3 O-O 7.d3 Nc6 8.Rb1 e5 
9.b4 Nh5 10.Bg5 Qd7 11.b5 Nd8 12.Bxd8 Qxd8 13.Nd2 e4 14.Nd5 exd3 15.e3 Nf6
16.Nb4 Nd7 17.Nxd3 a6 18.bxa6 Rxa6 19.Bxb7 Bxb7 20.Rxb7 Qc8 21.Qb3 Kh8 22.
c5 dxc5 23.Nc4 Rxa2 24.Rb1 Ra8 25.Qb5 c6 26.Qb3 Rb8 27.Nd6 Rxb7 28.Qxb7 
Qxb7 29.Rxb7 c4 30.Nxc4 Rd8 31.Rc7 Nf8 32.Nf4 Kg8 33.Rxc6 Rd1+ 34.Kg2 Rc1 
35.Nd5 Rd1 36.Ncb6 Be5 37.f4 Bb8 38.h4 Ba7 39.Nf6+ Kf7 40.Nc4 Bb8 41.Kf2 
h5 42.Rc8 Rb1 43.Nd5 Rb7 44.e4 fxe4 45.Ke3 Nd7 46.Kxe4 Nf6+ 47.Nxf6 Kxf6 
48.Ne5 Bxe5 49.fxe5+ Kf7 50.Rc6 Ra7 51.Kf4 Ra3 52.Rb6 Rc3 53.Rb7+ Ke6 54.
Rb4 Ra3 55.Re4 Rc3 56.g4 hxg4 57.Kxg4 Kd5 58.Re2 Ke6 59.Re1 Rc2 60.Rg1 Rc5
61.Kg5 Kf7 62.Rf1+ Kg7 63.Re1 Ra5 64.Kf4 Kf7 65.Rb1 Ra2 66.Rb7+ Ke6 67.Rg7
Rf2+ 68.Kg5 Rg2+ 69.Kh6 Kxe5 70.h5 Rh2 71.Kxg6 Rg2+ 72.Kf7 Rh2 73.Rg5+ Kf4
74.Kg6 Ra2 75.Rf5+ Ke4 76.h6 1-0

[Event "13th Asia-ch"]
[Site "Al-Ain UAE"]
[Date "2015.08.09"]
[Round "8"]
[White "Utegaliev, Azamat"]
[Black "Vishnu Prasanna, Vasanthan"]
[Result "1-0"]
[WhiteElo "2469"]
[BlackElo "2502"]
[EventDate "2015.08.02"]
[PlyCount "75"]

1.d4 Nf6 2.c4 e6 3.g3 d5 4.Nf3 Bb4+ 5.Bd2 Be7 6.Bg2 O-O 7.O-O Nbd7 8.Qc2 
c6 9.Bf4 b6 10.Nbd2 Ba6 11.Rac1 Nh5 12.Be3 Rc8 13.Rfe1 f5 14.cxd5 cxd5 15.
Qa4 Nb8 16.Ne5 Nf6 17.Bf4 Qe8 18.Qxe8 Rfxe8 19.Bf1 Bb5 20.a3 Red8 21.h4 
Kf8 22.Ndf3 Ne4 23.e3 Be8 24.Ng5 Nxg5 25.hxg5 h6 26.g6 Bg5 27.Nd3 Nc6 28.
Rc3 Ne7 29.Bc7 Nxg6 30.Bxd8 Rxd8 31.Rc7 Rd7 32.Rec1 Bd8 33.Rc8 a5 34.Be2 
Ne7 35.Ra8 g6 36.Ne5 Rd6 37.b3 Kg7 38.a4 1-0

[Event "13th Asia-ch"]
[Site "Al-Ain UAE"]
[Date "2015.08.09"]
[Round "8"]
[White "Darini, Pouria"]
[Black "Chu Wei Chao"]
[Result "1-0"]
[WhiteElo "2501"]
[BlackElo "2318"]
[EventDate "2015.08.02"]
[PlyCount "73"]

1.e4 c5 2.Nf3 d6 3.d4 cxd4 4.Nxd4 Nf6 5.Nc3 a6 6.Be3 e5 7.Nb3 Be6 8.h3 Be7
9.Qf3 O-O 10.g4 a5 11.O-O-O a4 12.Nc5 a3 13.b3 Qa5 14.N5a4 Nc6 15.g5 Nd7 
16.Bd2 Nd4 17.Qd3 Nc5 18.Nxc5 Qxc5 19.Kb1 Rfc8 20.h4 Bg4 21.Rc1 Nf3 22.Nd5
Nxd2+ 23.Qxd2 Bd8 24.Bh3 Be6 25.c3 Kh8 26.f3 b5 27.Rc2 Qa7 28.Bf5 Rc5 29.
Ne3 Bb6 30.Ng4 Qc7 31.g6 Rc8 32.h5 Re8 33.h6 fxg6 34.Bxg6 hxg6 35.hxg7+ 
Kxg7 36.Rh7+ Kxh7 37.Nf6+ 1-0

[Event "13th Asia-ch"]
[Site "Al-Ain UAE"]
[Date "2015.08.09"]
[Round "8"]
[White "Das, Debashis"]
[Black "Mamyrbay, Assad"]
[Result "1-0"]
[WhiteElo "2489"]
[BlackElo "2217"]
[EventDate "2015.08.02"]
[PlyCount "57"]

1.d4 Nf6 2.c4 g6 3.Nc3 d5 4.cxd5 Nxd5 5.Bd2 Bg7 6.e4 Nxc3 7.Bxc3 O-O 8.Nf3
Bg4 9.Qd2 c5 10.d5 Bxc3 11.Qxc3 Bxf3 12.gxf3 e6 13.O-O-O Nd7 14.h4 exd5 
15.Rxd5 Qe7 16.h5 Nb6 17.Re5 Qd6 18.hxg6 fxg6 19.Bc4+ Nxc4 20.Qxc4+ Kh8 
21.Qc3 Rf6 22.Rd1 Qa6 23.Re7 Rf8 24.Rdd7 Qf1+ 25.Kc2 Qxf2+ 26.Kb3 c4+ 27.
Ka3 Qc5+ 28.b4 Qh5 29.Qxf6+ 1-0

[Event "13th Asia-ch"]
[Site "Al-Ain UAE"]
[Date "2015.08.09"]
[Round "8"]
[White "Nguyen Huynh Minh Huy"]
[Black "Hossain, Enamul"]
[Result "1/2-1/2"]
[WhiteElo "2496"]
[BlackElo "2436"]
[EventDate "2015.08.02"]
[PlyCount "100"]

1.d4 Nf6 2.c4 e6 3.g3 d5 4.Nf3 Bb4+ 5.Nc3 O-O 6.Bg2 dxc4 7.O-O Nc6 8.a3 
Be7 9.e4 Na5 10.Be3 Nb3 11.Rb1 c5 12.dxc5 Bxc5 13.Bxc5 Nxc5 14.Qxd8 Rxd8 
15.Ne5 b6 16.Nc6 Re8 17.e5 Nd5 18.Nxd5 exd5 19.Bxd5 Bb7 20.f4 Rad8 21.Bh1 
Rd7 22.Rfd1 Rxd1+ 23.Rxd1 g5 24.Rd4 gxf4 25.gxf4 Bxc6 26.Bxc6 Rc8 27.Bb5 
Ne6 28.Rxc4 Rxc4 29.Bxc4 Nxf4 30.Kf2 Kf8 31.Ke3 Ng6 32.Ke4 Ke7 33.b4 Nh4 
34.Be2 Ng6 35.Bg4 Nh4 36.Kd5 Ng6 37.Bf5 h6 38.Bxg6 fxg6 39.e6 b5 40.Kc5 g5
41.Kxb5 g4 42.Kc5 h5 43.Kd5 h4 44.Ke4 Kxe6 45.Kf4 g3 46.hxg3 hxg3 47.Kxg3 
Kd5 48.Kf4 Kc4 49.Ke5 Kb3 50.Kd5 Kxa3 1/2-1/2

[Event "13th Asia-ch"]
[Site "Al-Ain UAE"]
[Date "2015.08.09"]
[Round "8"]
[White "Dzhumaev, Marat"]
[Black "Liu Chang"]
[Result "1/2-1/2"]
[WhiteElo "2493"]
[BlackElo "2353"]
[EventDate "2015.08.02"]
[PlyCount "299"]

1.e4 d6 2.d4 g6 3.Nc3 Bg7 4.Be3 Nf6 5.f3 c6 6.Qd2 Nbd7 7.O-O-O Qa5 8.Kb1 
b5 9.Bh6 Bxh6 10.Qxh6 Nb6 11.Nce2 Be6 12.Nc1 Nc4 13.Nge2 O-O-O 14.g4 Qb6 
15.h4 Bd7 16.Qf4 Rhf8 17.Ng3 Ne8 18.Qh6 Nc7 19.Rh2 e5 20.c3 Ne6 21.Bxc4 
bxc4 22.Qe3 Kc7 23.Rhd2 Bc8 24.Nce2 f6 25.Nf1 Rde8 26.Qh6 Rf7 27.Ne3 Qb5 
28.Nc2 Ba6 29.Nb4 Bb7 30.Qe3 Qb6 31.Nc2 Rfe7 32.Qg1 Rd8 33.Qg3 Kc8 34.g5 
fxg5 35.hxg5 exd4 36.cxd4 d5 37.Ne3 Qc7 38.Qg4 Kb8 39.f4 Bc8 40.Qh4 Ng7 
41.e5 Nf5 42.Qf2 Nxe3 43.Qxe3 Bf5+ 44.Ka1 Ka8 45.Qa3 Rb8 46.Nc3 Rf7 47.Re1
Be6 48.Rf2 Rbf8 49.Rh1 Qe7 50.Qxe7 Rxe7 51.Na4 Kb8 52.Nc5 Bc8 53.b3 cxb3 
54.Rb1 Kc7 55.Rxb3 Ref7 56.Rbf3 a5 57.Rf1 Bg4 58.R3f2 Bh3 59.Rh1 Bg4 60.
Rh4 Bc8 61.Kb2 h5 62.gxh6 g5 63.Rh5 Rxf4 64.Rxf4 gxf4 65.Kc3 f3 66.Nd3 Bf5
67.Nf2 Bb1 68.a3 Kb6 69.Rh1 Bf5 70.Kd2 c5 71.Ke3 c4 72.Nd1 Be4 73.Rh2 Kc6 
74.Nc3 Bd3 75.Kf2 Be4 76.Rh4 Rh8 77.Ke3 Rf8 78.Rh2 Bd3 79.Rf2 Rh8 80.Rxf3 
Rxh6 81.Rf6+ Rxf6 82.exf6 Bg6 83.Kf4 Kd6 84.Kg5 Bf7 85.Kf4 Bh5 86.Nb5+ Kc6
87.a4 Bf7 88.Ke5 Bg8 89.Kf4 Kd7 90.Kf5 Bh7+ 91.Kg5 Bg8 92.Kg6 Ke6 93.Kg7 
Bf7 94.Nc7+ Kd7 95.Kxf7 Kxc7 96.Ke7 c3 97.f7 c2 98.f8=Q c1=Q 99.Qd8+ Kb7 
100.Qxd5+ Kb8 101.Qxa5 Qh1 102.Qe5+ Kb7 103.a5 Ka6 104.Kd6 Qh7 105.Qd5 
Qh2+ 106.Kc5 Qh8 107.Qd6+ Ka7 108.Qb6+ Ka8 109.Qd6 Ka7 110.Kc6 Qh1+ 111.d5
Ka6 112.Kc5+ Ka7 113.Qf4 Kb7 114.Qb4+ Ka8 115.Qd4 Kb7 116.Qe3 Qg2 117.Qb3+
Ka7 118.Kc6 Qg6+ 119.d6 Qg2+ 120.Qd5 Qb2 121.d7 Qf6+ 122.Kc7 Qf4+ 123.Kc6 
Qf6+ 124.Kb5 Qb2+ 125.Kc5 Qc3+ 126.Kd6 Qf6+ 127.Qe6 Qd4+ 128.Ke7 Qg7+ 129.
Kd6 Qd4+ 130.Qd5 Qf6+ 131.Kc5 Qc3+ 132.Kb5 Qb2+ 133.Kc6 Qf6+ 134.Qd6 Qf3+ 
135.Kc7 Qc3+ 136.Kd8 Qh8+ 137.Ke7 Qg7+ 138.Ke8 Qh8+ 139.Qf8 Qe5+ 140.Kf7 
Qf5+ 141.Ke8 Qe5+ 142.Qe7 Qh8+ 143.Kf7 Qh7+ 144.Kf8 Qh8+ 145.Kf7 Qh7+ 146.
Ke8 Qh8+ 147.Qf8 Qe5+ 148.Kd8 Qb8+ 149.Ke7 Qe5+ 150.Kf7 1/2-1/2

[Event "13th Asia-ch"]
[Site "Al-Ain UAE"]
[Date "2015.08.09"]
[Round "8"]
[White "Gundavaa, Bayarsaihan"]
[Black "Nezad, Husein Aziz"]
[Result "1-0"]
[WhiteElo "2492"]
[BlackElo "2404"]
[EventDate "2015.08.02"]
[PlyCount "85"]

1.c4 e6 2.Nf3 d5 3.g3 c6 4.b3 Nf6 5.Bg2 Bd6 6.d4 O-O 7.O-O Ne4 8.Ne5 Nd7 
9.Nd3 Qe7 10.Nd2 Ndf6 11.Nf3 Rd8 12.Qc2 c5 13.e3 Bd7 14.Nfe5 h6 15.Bb2 
Rac8 16.Nxd7 Nxd7 17.Qe2 dxc4 18.bxc4 Nef6 19.Bxb7 Rc7 20.Bg2 Rdc8 21.e4 
e5 22.dxe5 Nxe5 23.Nf4 Re8 24.Rad1 Rb7 25.Bc3 Qc7 26.Nd5 Nxd5 27.Rxd5 Nc6 
28.f4 Nd4 29.Qd3 Bf8 30.e5 Reb8 31.Kh1 Rb2 32.Bxb2 Rxb2 33.f5 Rxa2 34.e6 
Qb7 35.exf7+ Kh8 36.Qb1 Rb2 37.Qxb2 Qxb2 38.Rd8 g5 39.Rxf8+ Kg7 40.Ra8 
Kxf7 41.Rxa7+ Kf8 42.f6 g4 43.Bd5 1-0

[Event "13th Asia-ch"]
[Site "Al-Ain UAE"]
[Date "2015.08.09"]
[Round "8"]
[White "Yuan Qingyu"]
[Black "Venkatesh, Marani Rajendran"]
[Result "1-0"]
[WhiteElo "2359"]
[BlackElo "2484"]
[EventDate "2015.08.02"]
[PlyCount "100"]

1.c4 c5 2.Nc3 Nc6 3.g3 g6 4.Bg2 Bg7 5.Nf3 b6 6.O-O Bb7 7.e3 d6 8.d4 Qd7 9.
b3 e6 10.Bb2 Nge7 11.Rb1 cxd4 12.Nb5 O-O 13.Nbxd4 Nxd4 14.Bxd4 e5 15.Bb2 
Rfd8 16.Qe2 e4 17.Nd4 d5 18.cxd5 Qxd5 19.Rfd1 Nf5 20.Nxf5 Qxf5 21.Bxg7 
Kxg7 22.Rxd8 Rxd8 23.Rd1 Rc8 24.h4 Rc7 25.Rd4 Qe5 26.Kh2 a5 27.Qd2 Ba6 28.
Rd5 Qc3 29.Bxe4 Qxd2 30.Rxd2 f5 31.Bf3 Rc1 32.g4 fxg4 33.Bxg4 a4 34.Rd6 
Rc2 35.Rxb6 Bd3 36.bxa4 Rxf2+ 37.Kg3 Rxa2 38.Bd7 h6 39.Rd6 Bb1 40.Rd1 Be4 
41.Kf4 Bg2 42.Bb5 h5 43.Rd7+ Kh6 44.Rd6 Bb7 45.Rb6 Bh1 46.Ke5 Kg7 47.Be8 
Kf8 48.Bxg6 Kg7 49.Be8 Re2 50.Rb3 Kh6 1-0

[Event "13th Asia-ch"]
[Site "Al-Ain UAE"]
[Date "2015.08.09"]
[Round "8"]
[White "Wang Yiye"]
[Black "Nitin, Senthilvel"]
[Result "1/2-1/2"]
[WhiteElo "2439"]
[BlackElo "2404"]
[EventDate "2015.08.02"]
[PlyCount "126"]

1.e4 c5 2.Nf3 e6 3.c3 Nf6 4.e5 Nd5 5.d4 cxd4 6.cxd4 d6 7.Bc4 Nc6 8.O-O Be7
9.Bd2 O-O 10.Nc3 dxe5 11.dxe5 Nxc3 12.Bxc3 b6 13.Qe2 Bb7 14.Rfd1 Qc7 15.
Rac1 Rad8 16.Bd3 g6 17.b4 Qb8 18.a3 Rd7 19.h4 Rfd8 20.h5 Qa8 21.hxg6 hxg6 
22.Qe3 a5 23.b5 Bc5 24.Qf4 Rxd3 25.Rxd3 Rxd3 26.bxc6 Bxc6 27.Ng5 Qf8 28.
Qh4 Qg7 29.Bxa5 Rd4 30.Qh3 Rf4 31.Bxb6 Bxb6 32.Rxc6 Bxf2+ 33.Kh2 Rh4 34.
Rc8+ Qf8 35.Rxf8+ Kxf8 36.Nf3 Rxh3+ 37.Kxh3 Ke7 38.a4 Bb6 39.Kg4 Bc7 40.
Kg5 Kf8 41.Kf4 f5 42.Nd4 Kf7 43.Nb5 Bd8 44.Nd6+ Kf8 45.Nb7 g5+ 46.Kf3 Bc7 
47.a5 Bxe5 48.Nd8 g4+ 49.Ke2 Bb8 50.Nxe6+ Ke7 51.Nd4 Kd6 52.Nxf5+ Kc5 53.
Kd3 Kb5 54.Nd4+ Ka6 55.Kc4 Be5 56.Kd5 Bg3 57.Nc6 Be1 58.Kc4 g3 59.Kc5 Bd2 
60.Kd4 Kb5 61.Kd5 Be1 62.Kd6 Bc3 63.Kd5 Be1 1/2-1/2

[Event "13th Asia-ch"]
[Site "Al-Ain UAE"]
[Date "2015.08.09"]
[Round "8"]
[White "Isaev, Jamshed"]
[Black "Gopal, Geetha Narayanan"]
[Result "1/2-1/2"]
[WhiteElo "2300"]
[BlackElo "2562"]
[EventDate "2015.08.02"]
[PlyCount "70"]

1.e4 c5 2.Nf3 d6 3.d4 cxd4 4.Nxd4 Nf6 5.Nc3 a6 6.Bc4 e6 7.Bb3 b5 8.O-O Be7
9.Qf3 Qb6 10.Be3 Qb7 11.Qg3 b4 12.Na4 Nbd7 13.f3 O-O 14.Rfd1 Ne5 15.Nb6 
Nh5 16.Qh3 Nf4 17.Bxf4 Qxb6 18.Be3 Qb7 19.Qg3 Kh8 20.Bg5 Bxg5 21.Qxg5 Qb6 
22.Kh1 Bb7 23.a3 Rfd8 24.axb4 Qxb4 25.Ne2 h6 26.Qh5 a5 27.Ra4 Qb6 28.Rad4 
a4 29.Rxa4 Rxa4 30.Bxa4 Qxb2 31.Bb3 Ra8 32.Qh4 d5 33.exd5 exd5 34.h3 Ra1 
35.Rxa1 Qxa1+ 1/2-1/2

[Event "13th Asia-ch"]
[Site "Al-Ain UAE"]
[Date "2015.08.09"]
[Round "8"]
[White "Batchuluun, Cegmed"]
[Black "Byambaa, Zulzaga"]
[Result "0-1"]
[WhiteElo "2485"]
[BlackElo "2258"]
[EventDate "2015.08.02"]
[PlyCount "40"]

1.d4 Nf6 2.c4 e6 3.Nc3 Bb4 4.f3 O-O 5.e4 d6 6.Be3 e5 7.Qd2 exd4 8.Bxd4 Nc6
9.Be3 Be6 10.b3 Nd7 11.Bd3 Nde5 12.Nge2 Bc5 13.O-O-O Bb4 14.Nd4 Nxd4 15.
Bxd4 c5 16.Bf2 Qa5 17.Kb2 b5 18.cxb5 Qa3+ 19.Ka1 c4 20.Be2 cxb3 0-1

[Event "13th Asia-ch"]
[Site "Al-Ain UAE"]
[Date "2015.08.09"]
[Round "8"]
[White "Narayanan, Sunilduth Lyna"]
[Black "Said, Ishaq"]
[Result "1-0"]
[WhiteElo "2481"]
[BlackElo "2252"]
[EventDate "2015.08.02"]
[PlyCount "165"]

1.e4 c5 2.Nf3 d6 3.d4 cxd4 4.Nxd4 Nf6 5.Nc3 Nc6 6.Bg5 e6 7.Qd2 a6 8.Nxc6 
bxc6 9.O-O-O Be7 10.Bxf6 gxf6 11.Bc4 h5 12.f4 Qa5 13.Bb3 Rb8 14.Rhf1 Bd7 
15.Kb1 Rb7 16.f5 Qe5 17.Qd3 a5 18.g3 Rg8 19.Rf4 Rg4 20.fxe6 fxe6 21.Qa6 
Rc7 22.Na4 Qb5 23.Qa8+ Rc8 24.Qa7 Rb8 25.Nc5 Bc8 26.a4 Qb6 27.Qxb6 Rxb6 
28.Bxe6 Rxf4 29.gxf4 dxc5 30.Bxc8 c4 31.c3 Ba3 32.Ka2 Bc5 33.Be6 Rb7 34.
Re1 Re7 35.f5 Bd6 36.Rg1 Kd8 37.h4 Be5 38.Kb1 Kc7 39.Rg2 Kd6 40.Bxc4 Kc5 
41.Be6 Re8 42.Kc2 Rd8 43.Bf7 Rd7 44.Be6 Rd8 45.Rg6 Rh8 46.Bg8 Bf4 47.Kd3 
Be5 48.Rg7 Bd6 49.Ke2 Be5 50.Kf3 Bd6 51.Ke3 Be5 52.Rg2 Bd6 53.Kf3 Be5 54.
Rg6 Bh2 55.Ke2 Be5 56.Kd3 Bf4 57.Kc2 Be5 58.Kb3 Bf4 59.Ka3 Bc1 60.e5 fxe5 
61.f6 Bh6 62.b4+ axb4+ 63.cxb4+ Kb6 64.a5+ Kc7 65.f7 Bf8 66.Re6 Bg7 67.
Re7+ Kd6 68.Re8 Kc7 69.Kb3 e4 70.f8=Q Bxf8 71.Rxf8 Rh6 72.Re8 Rg6 73.Bh7 
Rg3+ 74.Kc2 e3 75.Kd3 c5 76.b5 Rg7 77.b6+ Kd6 78.Be4 c4+ 79.Kxe3 Rg3+ 80.
Kd4 Rb3 81.b7 Kd7 82.b8=Q Rd3+ 83.Bxd3 1-0

[Event "13th Asia-ch"]
[Site "Al-Ain UAE"]
[Date "2015.08.09"]
[Round "8"]
[White "Tologontegin, Semetey"]
[Black "Pascua, Haridas"]
[Result "1-0"]
[WhiteElo "2390"]
[BlackElo "2447"]
[EventDate "2015.08.02"]
[PlyCount "121"]

1.d4 Nf6 2.Nf3 g6 3.Bg5 Bg7 4.c3 d6 5.Nbd2 h6 6.Bh4 Bf5 7.Qb3 Qc8 8.e3 O-O
9.Be2 Nbd7 10.h3 e5 11.O-O e4 12.Nh2 Re8 13.Rfc1 g5 14.Bg3 Bg6 15.Qd1 Qd8 
16.b4 Qe7 17.Nb3 h5 18.Nf1 Kh7 19.c4 h4 20.Bh2 Nf8 21.c5 Bf5 22.Na5 Rab8 
23.Rc2 Nd5 24.a3 Be6 25.cxd6 cxd6 26.Rac1 Rbd8 27.Bb5 Bd7 28.Bc4 Be6 29.
Bb5 Bd7 30.Qe2 Rb8 31.Bc4 Nf6 32.Bb3 Rec8 33.Nc4 Ne8 34.Qh5+ Bh6 35.Nfd2 
Ng6 36.Qe2 f5 37.Na5 Rxc2 38.Rxc2 a6 39.Qc4 Qg7 40.Bxd6 Rc8 41.Qd5 b6 42.
Rxc8 Bxc8 43.Nac4 Nf6 44.Qc6 Bd7 45.Qxb6 g4 46.hxg4 f4 47.Be5 fxe3 48.Nxe3
Nxe5 49.dxe5 Nxg4 50.Qd4 Bxe3 51.fxe3 h3 52.Qxe4+ Kh8 53.Qa8+ Kh7 54.Qd5 
Kh8 55.Nf3 Nh6 56.Nh4 Qg3 57.e6 Bc6 58.e7 Kg7 59.Qd4+ Kh7 60.Bc2+ Kg8 61.
Qd8+ 1-0

[Event "13th Asia-ch"]
[Site "Al-Ain UAE"]
[Date "2015.08.09"]
[Round "8"]
[White "Kostenko, Petr"]
[Black "Abdyjapar, Asyl"]
[Result "1-0"]
[WhiteElo "2431"]
[BlackElo "2392"]
[EventDate "2015.08.02"]
[PlyCount "99"]

1.e4 e5 2.Nf3 Nf6 3.Nxe5 d6 4.Nf3 Nxe4 5.d3 Nf6 6.d4 d5 7.Bd3 Be7 8.O-O 
O-O 9.h3 Nbd7 10.c4 dxc4 11.Bxc4 c5 12.Nc3 Nb6 13.Bb3 c4 14.Bc2 Nbd5 15.
Re1 Bb4 16.Bd2 h6 17.Qc1 Re8 18.Re5 Bf8 19.Nxd5 Nxd5 20.Bb1 Nb6 21.Qc2 g6 
22.Qc1 Rxe5 23.dxe5 Kh7 24.Be4 Be6 25.Bxb7 Rb8 26.Be4 Na4 27.Be3 Nxb2 28.
Bxa7 Rb4 29.Qe3 Ra4 30.Bc5 Bxc5 31.Qxc5 Nd3 32.Qe3 Ra3 33.Nd4 Bd5 34.Nc2 
Rc3 35.Ne1 Bxe4 36.Qxe4 Qb6 37.Qf3 Kg8 38.a4 Qd4 39.e6 fxe6 40.Rb1 Nf4 41.
Qa8+ Kg7 42.Rb7+ Kf6 43.Qh8+ Kf5 44.Rf7+ Kg5 45.Nf3+ Rxf3 46.Qxd4 Ne2+ 47.
Kf1 Nxd4 48.gxf3 c3 49.Rc7 c2 50.a5 1-0

[Event "13th Asia-ch"]
[Site "Al-Ain UAE"]
[Date "2015.08.09"]
[Round "8"]
[White "Xu Yi"]
[Black "Sharavdorj, Dashzeveg"]
[Result "1/2-1/2"]
[WhiteElo "2365"]
[BlackElo "2423"]
[EventDate "2015.08.02"]
[PlyCount "43"]

1.e4 e6 2.d4 d5 3.Nd2 a6 4.Ngf3 c5 5.dxc5 Bxc5 6.Bd3 Nf6 7.O-O Nc6 8.Qe2 
Qc7 9.c3 Bd7 10.h3 Ba7 11.exd5 Nxd5 12.Nc4 Nf4 13.Bxf4 Qxf4 14.Rad1 Rd8 
15.Be4 O-O 16.Nd6 Na5 17.Ne5 Ba4 18.b3 Bc6 19.Nxc6 bxc6 20.Qxa6 Bc5 21.g3 
Qe5 22.Bg2 1/2-1/2

[Event "13th Asia-ch"]
[Site "Al-Ain UAE"]
[Date "2015.08.09"]
[Round "8"]
[White "Iyti, Basher"]
[Black "Rathnakaran, Kantholi"]
[Result "0-1"]
[WhiteElo "2305"]
[BlackElo "2417"]
[EventDate "2015.08.02"]
[PlyCount "86"]

1.d4 Nf6 2.Nf3 c5 3.c3 b6 4.Bg5 e6 5.Nbd2 h6 6.Bh4 Bb7 7.e3 Be7 8.Bd3 d6 
9.O-O g5 10.Bg3 Rg8 11.dxc5 bxc5 12.e4 h5 13.e5 dxe5 14.Bb5+ Kf8 15.Bxe5 
Nbd7 16.Nc4 g4 17.Qc1 gxf3 18.Qh6+ Ke8 19.Bxf6 Bxf6 20.Rad1 Rg6 21.Bxd7+ 
Ke7 22.Qe3 Rxg2+ 23.Kh1 Qc7 24.Rd6 Bd5 25.Qf4 Qb8 26.Bb5 Bxc4 27.Rd7+ Kf8 
28.Qxb8+ Rxb8 29.Bxc4 Rxb2 30.Rd3 Rgxf2 31.Rxf2 Rb1+ 32.Rd1 Rxd1+ 33.Bf1 
Bxc3 34.Rxf3 Bd4 35.Kg2 Rd2+ 36.Kh3 Be5 37.Kh4 Rxh2+ 38.Bh3 c4 39.Kg5 Kg7 
40.Re3 c3 41.Bxe6 c2 42.Re1 fxe6 43.a4 Bc3 0-1

[Event "13th Asia-ch"]
[Site "Al-Ain UAE"]
[Date "2015.08.09"]
[Round "8"]
[White "Ahmed, Abdul Sattar Wahab"]
[Black "Asgarizadeh, Ahmad"]
[Result "1/2-1/2"]
[WhiteElo "2297"]
[BlackElo "2407"]
[EventDate "2015.08.02"]
[PlyCount "87"]

1.e4 d6 2.d4 g6 3.Nc3 Bg7 4.f4 a6 5.Nf3 Nd7 6.Be3 b5 7.Qd2 Bb7 8.Bd3 c5 9.
dxc5 Nxc5 10.O-O Rc8 11.Rae1 Nxd3 12.cxd3 Nf6 13.Kh1 O-O 14.f5 b4 15.Ne2 
a5 16.Bh6 Ba6 17.Bxg7 Kxg7 18.Nf4 Qd7 19.Nd4 Rg8 20.Rf3 Kf8 21.fxg6 hxg6 
22.Nd5 Rh8 23.Nxf6 exf6 24.Rxf6 Kg8 25.Ref1 Rh7 26.Nf3 Rh5 27.e5 Qe7 28.
Rxd6 Bb7 29.d4 Rf5 30.Kg1 Rc4 31.Rf6 Be4 32.Rxf5 Bxf5 33.Rc1 Qc7 34.Rxc4 
Qxc4 35.b3 Qd5 36.Kf2 Bd7 37.Qc2 Bg4 38.Kg3 Bxf3 39.gxf3 Qxd4 40.Qc8+ Kg7 
41.Qc7 Qg1+ 42.Kh3 Qf1+ 43.Kg3 Qg1+ 44.Kh3 1/2-1/2

[Event "13th Asia-ch"]
[Site "Al-Ain UAE"]
[Date "2015.08.09"]
[Round "8"]
[White "Li Di"]
[Black "Asgarizadeh, Mohammad Reza"]
[Result "1-0"]
[WhiteElo "2384"]
[BlackElo "2276"]
[EventDate "2015.08.02"]
[PlyCount "73"]

1.d4 d5 2.c4 c6 3.Nf3 Nf6 4.Qc2 Bg4 5.Nbd2 e6 6.e3 Bf5 7.Qb3 Qb6 8.c5 Qc7 
9.Nh4 Be4 10.f3 Bg6 11.Qc3 Be7 12.g3 Nh5 13.Ng2 Nd7 14.b4 e5 15.Nb3 O-O 
16.Bb2 exd4 17.exd4 b6 18.Ba6 b5 19.a4 Rab8 20.axb5 cxb5 21.O-O Qc6 22.g4 
Nhf6 23.Bc1 Bd8 24.Bf4 Ra8 25.Ra2 Ne8 26.Rfa1 Bc7 27.Bxc7 Nxc7 28.Bb7 Qxb7
29.c6 Qb8 30.cxd7 Ne6 31.Nc5 Qc7 32.Ne3 Nf4 33.Qe1 Rfd8 34.Qg3 f6 35.Ng2 
Ne6 36.Nxe6 Qc3 37.Nxd8 1-0

[Event "13th Asia-ch"]
[Site "Al-Ain UAE"]
[Date "2015.08.09"]
[Round "8"]
[White "Al-Hajiri, Bader"]
[Black "Salih Akar, Ali"]
[Result "1-0"]
[WhiteElo "2238"]
[BlackElo "2359"]
[EventDate "2015.08.02"]
[PlyCount "109"]

1.e4 e5 2.Nf3 Nc6 3.Bb5 a6 4.Bxc6 dxc6 5.O-O Bg4 6.h3 h5 7.d3 Qf6 8.Nbd2 
Bd6 9.Re1 Bxf3 10.Nxf3 Ne7 11.c3 O-O-O 12.Qb3 Rde8 13.Bg5 Qg6 14.d4 exd4 
15.cxd4 f6 16.Bd2 Kb8 17.Rac1 Nc8 18.e5 fxe5 19.dxe5 Be7 20.Be3 Bd8 21.a4 
Ka8 22.a5 Ne7 23.Nh4 Qh7 24.Bg5 Nd5 25.Nf3 Bxg5 26.Nxg5 Qf5 27.Nf3 Nf4 28.
Nd4 Qg6 29.Qf3 Nd3 30.Rcd1 Nxe1 31.Rxe1 Rhf8 32.Qe3 Qf7 33.Nf3 Qf4 34.Qd3 
g5 35.e6 g4 36.e7 Rg8 37.hxg4 hxg4 38.Nh4 Qb4 39.Qc3 Qxc3 40.bxc3 Rg5 41.
Kh2 g3+ 42.fxg3 Kb8 43.Kh3 Kc8 44.g4 Rxa5 45.Nf5 Kd7 46.c4 Ra3+ 47.Kh4 b5 
48.g5 b4 49.g6 Ra5 50.Rd1+ Ke6 51.Ng7+ Kxe7 52.Nxe8 Kxe8 53.Rf1 Ra2 54.Kh3
Ra3+ 55.Kg4 1-0